<?xml version="1.0" encoding="UTF-8"?>
<record
    xmlns:xsi="http://www.w3.org/2001/XMLSchema-instance"
    xsi:schemaLocation="http://www.loc.gov/MARC21/slim http://www.loc.gov/standards/marcxml/schema/MARC21slim.xsd"
    xmlns="http://www.loc.gov/MARC21/slim">

  <leader>01643nam a22005057a 4500</leader>
  <controlfield tag="005">20220121110942.0</controlfield>
  <controlfield tag="008">160203b        xxu||||| |||| 00| 0 spa d</controlfield>
  <datafield tag="041" ind1=" " ind2=" ">
    <subfield code="a">Espa&#xF1;ol</subfield>
  </datafield>
  <datafield tag="082" ind1=" " ind2=" ">
    <subfield code="a">395 C961p7</subfield>
  </datafield>
  <datafield tag="100" ind1=" " ind2=" ">
    <subfield code="a">Cuadrado Esclapez, Carmen</subfield>
    <subfield code="9">2780</subfield>
  </datafield>
  <datafield tag="245" ind1=" " ind2=" ">
    <subfield code="a">Protocolo y comunicaci&#xF3;n en la empresa y los negocios</subfield>
  </datafield>
  <datafield tag="250" ind1=" " ind2=" ">
    <subfield code="a">7 edici&#xF3;n</subfield>
  </datafield>
  <datafield tag="260" ind1=" " ind2=" ">
    <subfield code="a">Espa&#xF1;a</subfield>
    <subfield code="b">Fundaci&#xF3;n Confemetal</subfield>
    <subfield code="c">2008</subfield>
  </datafield>
  <datafield tag="300" ind1=" " ind2=" ">
    <subfield code="a">504 p&#xE1;ginas </subfield>
  </datafield>
  <datafield tag="650" ind1=" " ind2=" ">
    <subfield code="a">PROTOCOLO</subfield>
    <subfield code="9">2781</subfield>
  </datafield>
  <datafield tag="650" ind1=" " ind2=" ">
    <subfield code="a">PROTOCOLO EMPRESARIAL</subfield>
    <subfield code="9">2782</subfield>
  </datafield>
  <datafield tag="650" ind1=" " ind2=" ">
    <subfield code="a">CORTES&#xCD;A EMPRESARIAL</subfield>
    <subfield code="9">2783</subfield>
  </datafield>
  <datafield tag="650" ind1=" " ind2=" ">
    <subfield code="a">CORTES&#xCD;A SOCIAL</subfield>
    <subfield code="9">2784</subfield>
  </datafield>
  <datafield tag="650" ind1=" " ind2=" ">
    <subfield code="a">IMAGEN PERSONAL</subfield>
    <subfield code="9">2785</subfield>
  </datafield>
  <datafield tag="650" ind1=" " ind2=" ">
    <subfield code="a">ETIQUETA</subfield>
    <subfield code="9">2786</subfield>
  </datafield>
  <datafield tag="650" ind1=" " ind2=" ">
    <subfield code="a">INVITACI&#xD3;N</subfield>
    <subfield code="9">2787</subfield>
  </datafield>
  <datafield tag="650" ind1=" " ind2=" ">
    <subfield code="a">NEGOCIOS</subfield>
    <subfield code="9">940</subfield>
  </datafield>
  <datafield tag="650" ind1=" " ind2=" ">
    <subfield code="a">ATENCI&#xD3;N TELEF&#xD3;NICA</subfield>
    <subfield code="9">2462</subfield>
  </datafield>
  <datafield tag="650" ind1=" " ind2=" ">
    <subfield code="a">SECRETARIA EFICAZ</subfield>
    <subfield code="9">2789</subfield>
  </datafield>
  <datafield tag="650" ind1=" " ind2=" ">
    <subfield code="a">RELACIONES INTERPERSONALES</subfield>
    <subfield code="9">2790</subfield>
  </datafield>
  <datafield tag="650" ind1=" " ind2=" ">
    <subfield code="a">VIAJES DE NEGOCIOS</subfield>
    <subfield code="9">2791</subfield>
  </datafield>
  <datafield tag="650" ind1=" " ind2=" ">
    <subfield code="a">REUNIONES DE TRABAJO</subfield>
    <subfield code="9">2792</subfield>
  </datafield>
  <datafield tag="650" ind1=" " ind2=" ">
    <subfield code="a">COMIDAS DE EMPRESA</subfield>
    <subfield code="9">2793</subfield>
  </datafield>
  <datafield tag="650" ind1=" " ind2=" ">
    <subfield code="a">CORRESPONDENCIA COMERCIAL</subfield>
    <subfield code="9">2794</subfield>
  </datafield>
  <datafield tag="650" ind1=" " ind2=" ">
    <subfield code="a">REDACCI&#xD3;N DE CARTAS</subfield>
    <subfield code="9">2795</subfield>
  </datafield>
  <datafield tag="650" ind1=" " ind2=" ">
    <subfield code="a">CORRESPONDENCIA EMPRESARIAL</subfield>
    <subfield code="9">2796</subfield>
  </datafield>
  <datafield tag="650" ind1=" " ind2=" ">
    <subfield code="a">PLANIFICACI&#xD3;N DE ACTOS</subfield>
    <subfield code="9">2797</subfield>
  </datafield>
  <datafield tag="650" ind1=" " ind2=" ">
    <subfield code="a">ORGANIZACI&#xD3;N DE ACTOS</subfield>
    <subfield code="9">2798</subfield>
  </datafield>
  <datafield tag="650" ind1=" " ind2=" ">
    <subfield code="a">CONGRESOS</subfield>
    <subfield code="9">2799</subfield>
  </datafield>
  <datafield tag="650" ind1=" " ind2=" ">
    <subfield code="a">COLOCACI&#xD3;N DE BANDERAS</subfield>
    <subfield code="9">2800</subfield>
  </datafield>
  <datafield tag="650" ind1=" " ind2=" ">
    <subfield code="a">IDENTIDAD CORPORATIVA</subfield>
    <subfield code="9">2801</subfield>
  </datafield>
  <datafield tag="650" ind1=" " ind2=" ">
    <subfield code="a">C&#xD3;DIGOS DE EMPRESA</subfield>
    <subfield code="9">2802</subfield>
  </datafield>
  <datafield tag="650" ind1=" " ind2=" ">
    <subfield code="a">COMUNICACI&#xD3;N EMPRESARIAL</subfield>
    <subfield code="9">2803</subfield>
  </datafield>
  <datafield tag="650" ind1=" " ind2=" ">
    <subfield code="a">COMUNICACI&#xD3;N NO VERBAL</subfield>
    <subfield code="9">277</subfield>
  </datafield>
  <datafield tag="650" ind1=" " ind2=" ">
    <subfield code="a">COMUNICACI&#xD3;N INTERNA</subfield>
    <subfield code="9">2804</subfield>
  </datafield>
  <datafield tag="650" ind1=" " ind2=" ">
    <subfield code="a">COMUNICACI&#xD3;N EXTERNA</subfield>
    <subfield code="9">2805</subfield>
  </datafield>
  <datafield tag="650" ind1=" " ind2=" ">
    <subfield code="a">MEDIOS DE COMUNICACI&#xD3;N</subfield>
    <subfield code="9">2806</subfield>
  </datafield>
  <datafield tag="650" ind1=" " ind2=" ">
    <subfield code="a">NEGOCIACI&#xD3;N</subfield>
    <subfield code="9">2710</subfield>
  </datafield>
  <datafield tag="942" ind1=" " ind2=" ">
    <subfield code="c">BK</subfield>
  </datafield>
  <datafield tag="999" ind1=" " ind2=" ">
    <subfield code="c">7599</subfield>
    <subfield code="d">7599</subfield>
  </datafield>
  <datafield tag="952" ind1=" " ind2=" ">
    <subfield code="1">0</subfield>
    <subfield code="4">0</subfield>
    <subfield code="7">0</subfield>
    <subfield code="a">BACB</subfield>
    <subfield code="b">BACB</subfield>
    <subfield code="o">395 C961p7</subfield>
    <subfield code="p">20277</subfield>
    <subfield code="w">2016-02-03</subfield>
    <subfield code="y">BK</subfield>
  </datafield>
</record>
